000 00589nam a2200229Ia 4500
003 OSt
005 20221007082604.0
006 a|||||r|||| 00| 0
007 ta
008 221006b |||||||| |||| 00| 0 eng d
024 _a10,333
037 _cTextual
040 _aFLL
_cFLL
_beng
041 _2eng
_aeng
082 _aD65,8(B)0aZ, P0
100 _aRoper Brent D. Ed.
_9699184
245 0 _aUsing computer in the law office
260 _c2000
300 _axv,503p
_ccm.
942 _hD65,8(B)0aZ, P0
_cTEXL
_2CC
999 _c1166966
_d1166966